[Event "Roncana op-C 8th"]
[Site "Santa Eulalia de Roncana"]
[Date "2014.11.08"]
[Round "4"]
[White "Company Fernandez, Miquel"]
[Black "Viladevall de Lecea, Luis Ignacio"]
[Result "1-0"]
[WhiteElo "1700"]
[BlackElo "1700"]
[PlyCount "93"]
[EventDate "2014.10.11"]
[EventType "swiss"]
[EventRounds "8"]
[EventCountry "ESP"]
[SourceTitle "EXT 2016"]
[Source "ChessBase"]
[SourceDate "2015.10.08"]
[SourceVersion "1"]
[SourceVersionDate "2015.10.08"]
[SourceQuality "1"]

1. e4 c6 2. Nf3 d5 3. e5 e6 4. d4 Bb4+ 5. c3 Be7 6. Bf4 Nd7 7. Bd3 f6 8. Nbd2 fxe5 9. dxe5 Bc5 10. 0-0 Ne7 11. Re1 Qb6 12. Rf1 0-0 13. b4 Bxf2+ 14. Rxf2 Qd8 15. c4 b5 16. c5 a5 17. Qb3 Nf5 18. Bxf5 exf5 19. Bg5 Qe8 20. Bf4 a4 21. Qc3 Qh5 22. a3 Bb7 23. Rb1 Rf7 24. e6 Re7 25. exd7 Rxd7 26. Re2 Re8 27. Rxe8+ Qxe8 28. Re1 Re7 29. Rxe7 Qxe7 30. Be5 Kf8 31. Bd6 Qxd6 32. cxd6 h5 33. Nh4 g5 34. Nxf5 Bc8 35. Qh8+ Kf7 36. Qxc8 Kf6 37. Qf8+ Ke5 38. Qc8 g4 39. Ng7 Kxd6 40. Ne8+ Ke5 41. g3 Kd4 42. Qxc6 Kd3 43. Qxd5+ Kc3 44. Ne4+ Kc2 45. Qd2+ Kb1 46. Nc3+ Ka1 47. Qa2# 1-0

[Event "Roncana op-C 8th"]
[Site "Santa Eulalia de Roncana"]
[Date "2014.10.18"]
[Round "2"]
[White "Viladevall de Lecea, Luis Ignacio"]
[Black "Espada Espanol, Tura"]
[Result "0-1"]
[WhiteElo "1700"]
[BlackElo "1747"]
[PlyCount "90"]
[EventDate "2014.10.11"]
[EventType "swiss"]
[EventRounds "8"]
[EventCountry "ESP"]
[SourceTitle "EXT 2016"]
[Source "ChessBase"]
[SourceDate "2015.10.08"]
[SourceVersion "1"]
[SourceVersionDate "2015.10.08"]
[SourceQuality "1"]

1. e4 e5 2. d3 Nf6 3. Nc3 Bb4 4. Bd2 d6 5. Nd5 Bxd2+ 6. Qxd2 Nxd5 7. exd5 0-0 8. 0-0-0 Qf6 9. Nh3 h6 10. Be2 Bxh3 11. gxh3 Qxf2 12. Rdf1 Qc5 13. d4 exd4 14. Bd3 Nd7 15. Qf4 Qxd5 16. Qe4 Qxe4 17. Bxe4 Rab8 18. Bf5 Nf6 19. Rf3 Rfe8 20. b3 Re5 21. Kb2 Rbe8 22. Rb1 Re2 23. Bd3 Rxh2 24. Bf1 Ne4 25. Re1 d5 26. Kc1 Re6 27. Re2 Rh1 28. a4 Rc6 29. Kb2 a5 30. Ka3 Nc3 31. Re8+ Kh7 32. Bd3+ Ne4 33. Rxf7 Ra1+ 34. Kb2 Rg1 35. Be2 Ng5 36. Rff8 d3 37. cxd3 Rcc1 38. Rh8+ Kg6 39. Bg4 Rb1+ 40. Kc3 Rbc1+ 41. Kd4 c5+ 42. Kxd5 Rc3 43. Ref8 Rxd3+ 44. Ke5 Re1+ 45. Kf4 Re4# 0-1